| 000 | 00545nam a2200193Ia 4500 | ||
|---|---|---|---|
| 005 | 20250507130212.0 | ||
| 008 | 008 250505s9999 xx 000 0 eng d | ||
| 037 | _aSeries Article | ||
| 040 |
_aEASL _beng _cEASL |
||
| 041 |
_aeng _2eng |
||
| 084 | _qEASL | ||
| 100 |
_aZheng Li _9668799 |
||
| 245 | 0 | _aRevival and development of the criminal reconciliation system in china | |
| 260 |
_aChina _bBeijing Routledge China _c2012 |
||
| 300 | _a168-178 | ||
| 650 | _aSocial Science | ||
| 942 | _cSRA | ||
| 999 |
_c1318296 _d1318296 |
||